000 00579nam a2200217Ii 4500
003 JO-AjNU
008 230606s9999||||xx |||||||||||||| ||und||
020 _a978-81-265-4696-1
040 _aJO-AjNU
_beng
_erda
_cJO-AjNU
041 _aeng
050 1 4 _aQA155.H54.2014
100 3 _aHilton,Peter,
_eauthor
_94677
245 0 0 _aAcourse In Modern ALGABRA
250 _a8 ed
264 3 1 _aWILEY,2015
300 _a248p
336 _atext
_btxt
_2rdacontent
337 _aunmediated
_bn
_2rdamedia
338 _avolume
_bnc
_2rdacarrier
650 4 _a Algebra -- Linear 
_94678
999 _aE2424
_c2422
_d2422